Online
Catalog

Colección de diarios y relaciones para la historia de los viajes y descubrimientos. (Record no. 7105)

MARC details
000 -CABECERA
campo de control de longitud fija 01699cam a2200313 a 4500
001 - NÚMERO DE CONTROL
campo de control 000007324
005 - FECHA Y HORA DE LA ÚLTIMA TRANSACCIÓN
campo de control 20200929154132.0
008 - DATOS DE LONGITUD FIJA--INFORMACIÓN GENERAL
campo de control de longitud fija 760413m19431947sp ab g b 000 f spa
035 ## - NÚMERO DE CONTROL DEL SISTEMA
Número de control de sistema (DLC) 45002028
035 ## - NÚMERO DE CONTROL DEL SISTEMA
Número de control de sistema (OCoLC)2109065
040 ## - FUENTE DE LA CATALOGACIÓN
Centro catalogador/agencia de origen DO-SdBNP
Lengua de catalogación spa
Centro/agencia transcriptor BNHU
Centro/agencia modificador OCoLC
-- DLC
050 00 - SIGNATURA TOPOGRÁFICA DE LA BIBLIOTECA DEL CONGRESO
Número de clasificación G161
Número de documento/Ítem .S83
082 ## - NÚMERO DE LA CLASIFICACIÓN DECIMAL DEWEY
Número de clasificación nn
Número de documento/Ítem C691d
049 ## - FONDOS LOCALES (OCLC)
Fondos de biblioteca BNGR
245 00 - MENCIÓN DE TÍTULO
Título Colección de diarios y relaciones para la historia de los viajes y descubrimientos.
260 ## - PUBLICACIÓN, DISTRIBUCIÓN, ETC.
Lugar de publicación, distribución, etc. Madrid :
Nombre del editor, distribuidor, etc. Instituto histórico de Marina,
Fecha de publicación, distribución, etc. 1943-.
300 ## - DESCRIPCIÓN FÍSICA
Extensión v. :
Otras características físicas il., fold. maps. ;
Dimensiones 25 cm.
504 ## - NOTA DE BIBLIOGRAFÍA, ETC.
Nota de bibliografía, etc. Incluye referencias bibliográficas al pie y notas de las páginas.
505 0# - NOTA DE CONTENIDO CON FORMATO
Información miscelánea v. 1.
Título Camargo 1539, Rodríguez Cabrillo 1542, Pedro de Valdivia 1552, Antonio de Vea 1675, Iriarte 1675, Quiroga 1745 --
505 0# - NOTA DE CONTENIDO CON FORMATO
Información miscelánea v. 2.
Título Pedro de Valdivia 1540-50, Menéndez de Áviles 1565-6, Flores Valdés y Alonso de Sotomayor 1581-3, Bodega y Quadra 1775 --
505 0# - NOTA DE CONTENIDO CON FORMATO
Información miscelánea v. 3.
Título Sarmiento de Gamboa (1579-80) --
505 0# - NOTA DE CONTENIDO CON FORMATO
Información miscelánea v. 4.
Título Diego García 1526-27, Pascual de Andagoya 1534, Sancho de Arce 1586, Sebastián Vizcaíno 1602-3, Francisco de Oriega 1631-6, Andrés del Pez 1687 --
505 0# - NOTA DE CONTENIDO CON FORMATO
Información miscelánea v. 5.
Título Esteban Rodríguez, 1564-1565; Miguel López de Legazpi, 1564-1565; Esteban Rodríguez y Rodrigo de Espinosa, 1565 --
505 0# - NOTA DE CONTENIDO CON FORMATO
Información miscelánea v. 6.
Título Esteban José Martínez (1742-1798). Camargo 1539, Rodríguez Cabrillo 1542, Pedro de Valdivia 1552, Antonio de Vea 1675, Iriarte 1675, Quiroga 1745.
650 #0 - PUNTO DE ACCESO ADICIONAL DE MATERIA--TÉRMINO DE MATERIA
Término de materia o nombre geográfico como elemento de entrada Voyages and travels
Subdivisión general Collections.
9 (RLIN) 20362
650 #0 - PUNTO DE ACCESO ADICIONAL DE MATERIA--TÉRMINO DE MATERIA
Término de materia o nombre geográfico como elemento de entrada Discoveries in geography
Subdivisión general Spanish.
9 (RLIN) 20363
700 1# - PUNTO DE ACCESO ADICIONAL--NOMBRE DE PERSONA
Nombre de persona Navarrete, Martín Fernandez de,
Fechas asociadas al nombre 1765-1844.
9 (RLIN) 20364
910 ## - DATOS DE OPCIÓN DEL USUARIO (OCLC)
Datos de opción del usuario Catalogación por copia / LC
Holdings
Estado de retiro Estado de pérdida Restricciones de uso No para préstamo Código de colección Localización permanente Ubicación/localización actual Ubicación en estantería Fecha de adquisición Número de inventario Total de préstamos Signatura topográfica completa Código de barras Fecha visto por última vez Precio válido a partir de Tipo de ítem Koha
    Préstamo interno   Monografías: Libros y Folletos General General En catalogación 07.09.2009 LF1   v.1 7324-10 25.06.2020 25.06.2020 Préstamo interno
    Préstamo interno   Monografías: Libros y Folletos General General En catalogación 11.02.2010 LF1   v.2 7324-20 25.06.2020 25.06.2020 Préstamo interno
    Préstamo interno   Monografías: Libros y Folletos General General En catalogación 11.02.2010 LF1   v.3 7324-30 25.06.2020 25.06.2020 Préstamo interno
    Préstamo interno   Monografías: Libros y Folletos General General En catalogación 11.02.2010 LF1   v.4 7324-40 25.06.2020 25.06.2020 Préstamo interno
    Préstamo interno   Monografías: Libros y Folletos General General En catalogación 11.02.2010 LF1   v.5 7324-50 25.06.2020 25.06.2020 Préstamo interno
    Préstamo interno   Monografías: Libros y Folletos General General En catalogación 11.02.2010 LF1   v.6 7324-60 25.06.2020 25.06.2020 Préstamo interno

Powered by Koha